Continent by Letter-North America - Statistics

General Stats
  • This quiz has been taken 19 times
  • The average score is 23 of 26
Answer Stats
Hint Answer % Correct
B Country with the most Caribbean islands Bahamas
100%
C Biggest country on the continent Canada
100%
F Country that owns territories like Guadeloupe and Martinique France
100%
G Caribbean country named after a former Spanish kingdom Grenada
100%
H Island of Haiti and the Dominican Republic Hispaniola
100%
J Island Country South of Cuba Jamaica
100%
L Territory the U.S bought from France for very cheap Louisiana Territory
100%
M Most populated city on the continent Mexico City
100%
P Canal connecting the Pacific and Atlantic ocean Panama Canal
100%
Q French speaking part of Canada Québec
100%
S Word that 3 Caribbean countries name's start with Saint
100%
U U.S state containing the great salt lake Utah
100%
W Pacific U.S state or international capital Washington
100%
Y First national park in the continent and the world Yellowstone
100%
D Country that owns the largest island in North America Denmark
94%
K American state famous for tornadoes Kansas
94%
R Closest non-bordering country to the U.S Russia
94%
T Island Country nearby Venezuela Trinidad and Tobago
94%
N Largest lake in central America Lake Nicaragua
88%
O Biggest city in Nebraska Omaha
88%
Z National park in Utah known for canyons Zion
88%
I Native peoples that lived in Northern parts of the continent Inuit
82%
A British territory by St.Martin Anguilla
65%
E Biggest city in the world that starts with E Edmonton
59%
V Mexico's largest Atlantic port Veracruz
53%
X Capital of V Xalapa
24%
No matching quizzes found
Score Distribution
Percent of People with Each Score
Percentile by Number Answered
Your Score History
You have not taken this quiz